| 000 | 00498nmm a2200169Ia 4500 | ||
|---|---|---|---|
| 008 | 251105s9999||||xx |||||||||||||||||und|| | ||
| 020 | _a9788425229404 | ||
| 041 | _aspa | ||
| 100 | _aValls, Ingrid | ||
| 245 | 0 |
_aGanchitos : _b 24 proyectos de ganchillo para todo el año |
|
| 264 |
_a[Madrid, España] : _bEditorial Gustavo Gili, _c2017 |
||
| 300 | _a144 páginas | ||
| 490 | _aGGDIY | ||
| 650 | _aDesign and fashion | ||
| 856 | _uhttps://public.digitaliapublishing.com/a/49663 | ||
| 942 | _cCF | ||
| 999 |
_c80328 _d80328 |
||